=LDR 00000nam 2200000 4500 =001 INLIS000000000040340 =005 20130612145916 =008 ***********************************Ind** =035 ##$$a0010-061300000040340 =041 ##$$a Ind =082 ##$$a 813 =090 ##$$a 813, Pet j =100 ##$$a Peterson, Tracie =245 ##$$a Jamine puing-puing asa/ Tracie Peterson, Judith Miller =260 ##$$a 2011 $b Jakarta =300 ##$$a 462 hlm., 21 cm =650 ##$$a Fiksi =700 ##$$a Miller, Judith =850 ##$$a NBPNMAT =990 ##$$a 0001/BPAP-NTB/20142014